Gaming Quiz

Random Gaming or Video Games Quiz

Kingdom Hearts II: Xemnas's Questions Quiz Stats

 Plays Quiz not verified by Sporcle

Score 0/195 Timer 15:00
0 Plays Today
Speaker Word % Correct
Xemnasthe
100%
Mickey, Riku, & SoraNo!
100%
Xemnasdo
100%
Xemnasthe
100%
MickeyAw,
100%
Mickeywe
100%
Mickeydon't
100%
Mickeyit.
100%
MickeyIt's
100%
Mickeythe
100%
Mickeythe
100%
Mickeywe
100%
Mickeythe
100%
RikuIt's
100%
Rikuit.
100%
Xemnasthe
100%
Xemnasit
100%
Xemnasthe
100%
XemnasWe
100%
RikuIt's
100%
Xemnaswe
100%
Sorait
100%
Soradon't
100%
Xemnasdon't
100%
XemnasI
100%
XemnasNo
100%
Xemnasthe
100%
XemnasNo
100%
XemnasKingdom
98%
XemnasHearts...
98%
Xemnasof
98%
Xemnashearts!
98%
Xemnasof
98%
Xemnaslight,
98%
XemnasWhy
98%
Xemnasdarkness?
98%
Mickeyjust
98%
Mickeyof
98%
Mickeylight
98%
Mickeydarkness.
98%
Mickeydarkness
98%
Mickeyof
98%
Mickeywhy
98%
Mickeyof
98%
Mickeydark.
98%
Rikuof
98%
Xemnasdarkness,
98%
Xemnaslight.
98%
Xemnaswhy
98%
Xemnasof
98%
Xemnaslight
98%
Xemnasdark--
98%
Xemnasa
98%
SoraJust
98%
Soraa
98%
Xemnasa
98%
Xemnasmy
95.9%
Xemnasand
95.9%
Xemnasyou
95.9%
MickeyAND
95.9%
MickeyYou
95.9%
Mickeyya
95.9%
XemnasYou
95.9%
Xemnasin
95.9%
Xemnasyou
95.9%
Speaker Word % Correct
Xemnasand
95.9%
Rikuyou
95.9%
SoraYou
95.9%
XemnasYou
95.9%
Xemnasyou
95.9%
Xemnasyou
95.9%
Xemnasyou
95.9%
Xemnashate
93.9%
Mickeyhate
93.9%
Soranot
93.9%
Xemnasnot
93.9%
Mickeyis
91.8%
Xemnasis
91.8%
Xemnasthat
91.8%
XemnasThat
91.8%
Xemnasbe...
91.8%
Xemnaswhat
91.8%
Xemnaswhat
91.8%
Xemnaswhat
91.8%
Xemnaswhat
91.8%
Xemnashave
89.8%
Xemnasall
89.8%
Mickeyscary.
89.8%
Mickeyhave
89.8%
Xemnashave
89.8%
Xemnasto
87.8%
Xemnasme
87.8%
Xemnasmore
87.8%
Mickeyare
87.8%
Xemnasme
87.8%
Xemnasto
87.8%
Xemnascan
87.8%
Xemnasthis:
85.7%
Mickeymade
85.7%
XemnasSo
85.7%
Xemnaswho
85.7%
Xemnason
85.7%
Xemnaswho
85.7%
XemnasOhh..
83.7%
XemnasGo
83.7%
Mickeykinda...
83.7%
Mickeyworld's
83.7%
Mickeycan't
83.7%
Mickeyone
83.7%
Rikuworlds.
83.7%
Xemnasworlds.
83.7%
XemnasKeyblade!
81.6%
MickeyBut
81.6%
Mickey'cause
81.6%
Xemnasbring
79.6%
Mickeywithout
79.6%
Mickeyother,
79.6%
Rikubecause
79.6%
RikuThat's
79.6%
Rikubecause
79.6%
Xemnasother
79.6%
XemnasNow
77.6%
Xemnasforth,
77.6%
Xemnasmay
77.6%
Soragive
77.6%
XemnasWarriors
75.5%
Xemnasanswer
75.5%
XemnasThen
75.5%
Xemnaslive
75.5%
Xemnasus
75.5%
Speaker Word % Correct
Xemnasnothing?
75.5%
Xemnasboth
75.5%
SoraYou're
75.5%
SoraNobodies!
75.5%
SoraYou're
75.5%
Xemnasmatter
75.5%
Xemnasmatter
75.5%
Xemnasover
73.5%
XemnasDenizens
73.5%
Xemnasyet
73.5%
Xemnaswere
73.5%
Xemnasfeel--
73.5%
Xemnasfeel,
73.5%
Xemnasstart
71.4%
Xemnasagain.
71.4%
Rikulurking
71.4%
Rikuinside
71.4%
Xemnasallow
71.4%
Sorarest!
71.4%
Xemnasruined.
69.4%
Xemnasaway
69.4%
Xemnashow
69.4%
Mickeyscared
67.3%
Rikuwho's
67.3%
Xemnaschoose
67.3%
Xemnaschoice?
67.3%
Xemnaschoice
67.3%
Xemnasthing.
67.3%
Mickeywonder
65.3%
Xemnasanother
65.3%
Xemnasquestion.
65.3%
Xemnasedge
65.3%
Rikuup
65.3%
Rikuour
65.3%
Xemnasthink,
65.3%
Mickeymakes
63.3%
Xemnasby
63.3%
Rikusimple.
63.3%
Xemnashad?
63.3%
XemnasI'll
61.2%
Xemnasmight
61.2%
Soraanything!
61.2%
Xemnasor
61.2%
Xemnasteeter
59.2%
Xemnasmiss
59.2%
Mickeyeverything.
57.1%
Rikumess
57.1%
Soraeven
57.1%
Soraexist!
57.1%
Sorasad
57.1%
Xemnasexist.
57.1%
Xemnasturned
55.1%
XemnasVery
55.1%
Xemnasgood.
55.1%
Xemnasaccept
53.1%
Xemnasloathe
53.1%
Xemnasnever
53.1%
XemnasHowever,
53.1%
Soraabout
53.1%
Mickeyhalf
51%
Xemnasgiven
49%
Xemnassorrow...
49%
MickeySorta
46.9%
Xemnasbefalls
40.8%
Xemnasmisery
36.7%

You're not logged in!

Compare scores with friends on all Sporcle quizzes.
OR
Log In

Sporcle TV

Today on Sporcle TV


Watch our educational content, quiz creation guides, and fun videos on Sporcle TV.

Show Comments

Extras

Top Quizzes Today


Score Distribution

Your Account Isn't Verified!

In order to create a playlist on Sporcle, you need to verify the email address you used during registration. Go to your Sporcle Settings to finish the process.

Report this User

Report this user for behavior that violates our Community Guidelines.

Details: